El comportamiento de los costos y la gestión de la empresa (Registro nro. 6115)
[ vista simple ]
| 000 -LEADER | |
|---|---|
| fixed length control field | 01633 a2200265 4500 |
| 001 - CONTROL NUMBER | |
| control field | 57113 |
| 005 - DATE AND TIME OF LATEST TRANSACTION | |
| control field | 20260407155833.0 |
| 008 - FIXED-LENGTH DATA ELEMENTS--GENERAL INFORMATION | |
| fixed length control field | 260407a2019 arg spa d |
| 003 - CONTROL NUMBER IDENTIFIER | |
| control field | AR-UNSa-BCEJYS |
| 040 ## - CATALOGING SOURCE | |
| Original cataloging agency | AR-UNSa-BCEJYS |
| Language of cataloging | spa |
| Transcribing agency | AR-UNSa-BCEJYS |
| 080 ## - UNIVERSAL DECIMAL CLASSIFICATION NUMBER | |
| Universal Decimal Classification number | 657.47 |
| Common auxiliary subdivision | Contabilidad de Costos |
| 020 ## - INTERNATIONAL STANDARD BOOK NUMBER | |
| International Standard Book Number | 978-987-716-118-2 |
| 041 ## - LANGUAGE CODE | |
| Language code of text/sound track or separate title | spa |
| 100 1# - MAIN ENTRY--PERSONAL NAME | |
| Personal name | Bottaro, Oscar Eduardo |
| 245 10 - TITLE STATEMENT | |
| Title | El comportamiento de los costos y la gestión de la empresa |
| 250 ## - EDITION STATEMENT | |
| Edition statement | 2a. ed. |
| 264 #1 - PRODUCTION, PUBLICATION, DISTRIBUTION, MANUFACTURE, AND COPYRIGHT NOTICE | |
| Place of production, publication, distribution, manufacture | Buenos Aires : |
| Name of producer, publisher, distributor, manufacturer | Osmar D. Buyatti |
| Date of production, publication, distribution, manufacture, or copyright notice | 2019 |
| 300 ## - PHYSICAL DESCRIPTION | |
| Extent | 611 p. |
| Dimensions | 23 cm. |
| 505 ## - FORMATTED CONTENTS NOTE | |
| Formatted contents note | 1. El comportamiento de los costos - 2. Introducción al concepto de punto de equilibrio - 3. El análisis costo-volumen-utilidad con datos expresados en bases diferentes - 4. El análisis costo-volumen-utilidad para empresas multiproductoras - 5. El análisis costo-volumen-utilidad en terminos monetarios para empresas de margen uniforme - 6. El análisis costo-volumen-utilidad en términos monetarios para empresas de margenes múltiples - 7. El planeamiento de los resultados y su tablero de control - 8. El uso de técnicas costo-volumen-utilidad para análisis sectoriales - 9. Elección de medios alternativos para fabricar productos o prestar servicios - 10. Decisiones ante alternativas excluyentes - 11. El análisis costo-volumen-utilidad ante comportamientos no constantes de las variables |
| 590 ## - LOCAL NOTE (RLIN) | |
| Local note | niveau_biblio:m niveau_hierar:0 |
| 700 1# - ADDED ENTRY--PERSONAL NAME | |
| Personal name | Rodríguez Jauregui, Hugo A. |
| 700 1# - ADDED ENTRY--PERSONAL NAME | |
| Personal name | Yardin, Amaro Ramón |
| 856 41 - ELECTRONIC LOCATION AND ACCESS | |
| Uniform Resource Identifier | <a href="https://biblioeco.unsa.edu.ar/pmb/images/libros/L128679.jpg">https://biblioeco.unsa.edu.ar/pmb/images/libros/L128679.jpg</a> |
| Link text | Imagen de portada |
| Electronic format type | image/jpeg |
| 942 ## - ADDED ENTRY ELEMENTS (KOHA) | |
| Koha item type | |
| Withdrawn status | Lost status | Damaged status | Not for loan | Home library | Current library | Shelving location | Date acquired | Total checkouts | Full call number | Barcode | Date last seen | Price effective from | Koha item type | Public note |
|---|---|---|---|---|---|---|---|---|---|---|---|---|---|---|
| Biblioteca Prof. Eusebio Cleto del Rey | Biblioteca Prof. Eusebio Cleto del Rey | 07/04/2026 | 657.47 B751 2ed. | L128679 | 07/04/2026 | 07/04/2026 | Libro | CANTO SUPERIOR UN POCO MANCHADO | ||||||
| Biblioteca Prof. Eusebio Cleto del Rey | Biblioteca Prof. Eusebio Cleto del Rey | 07/04/2026 | 657.47 B751 2ed. | L128680 | 07/04/2026 | 07/04/2026 | Libro | CANTO INFERIOR Y LATERAL MANCHADOS | ||||||
| Biblioteca Prof. Eusebio Cleto del Rey | Biblioteca Prof. Eusebio Cleto del Rey | 07/04/2026 | 657.47 B751 2ed. | L128681 | 07/04/2026 | 07/04/2026 | Libro | PEQUEÑAS MANCHAS EN CANTO LATERAL |